[Event "Montreal op 91st"]
[Site "Montreal"]
[Date "2011.09.11"]
[Round "4.1"]
[White "Dumont, Felix"]
[Black "Ramaswamy, Kishor"]
[Result "1/2-1/2"]
[WhiteElo "1984"]
[BlackElo "2140"]
[PlyCount "68"]
[EventDate "2011.09.09"]
[EventType "swiss"]
[EventRounds "5"]
[EventCountry "CAN"]
[SourceTitle "EXT 2022"]
[Source "ChessBase"]
[SourceDate "2021.10.06"]
[SourceVersion "1"]
[SourceVersionDate "2021.10.06"]
[SourceQuality "1"]

1. e4 c6 2. d4 d5 3. f3 g6 4. Nc3 Bg7 5. Be3 Qb6 6. Qd2 Qxb2 7. Rb1 Qa3 8. exd5 Nf6 9. dxc6 bxc6 10. Bc4 Ba6 11. Qd3 Bxc4 12. Qxc4 0-0 13. Rb7 Nd5 14. Nxd5 cxd5 15. Qb3 Qd6 16. Ne2 Nc6 17. Rb5 Rab8 18. 0-0 Rxb5 19. Qxb5 Rb8 20. Qa4 Qe6 21. Bf2 Rb4 22. Qa6 Nxd4 23. Qa5 Nxe2+ 24. Kh1 Bc3 25. a3 Ng3+ 26. Bxg3 Qe2 27. Rg1 Rc4 28. Qd8+ Kg7 29. Qxd5 e6 30. Qd3 Qxd3 31. cxd3 Ra4 32. Bd6 Bd4 33. Rb1 Bb6 34. Bb4 Bd4 1/2-1/2

[Event "Trois-Rivieres Mauricie op"]
[Site "Trois Rivieres"]
[Date "2011.03.20"]
[Round "5"]
[White "Fournier, Michael"]
[Black "Ramaswamy, Kishor"]
[Result "0-1"]
[WhiteElo "1967"]
[BlackElo "2215"]
[PlyCount "48"]
[EventDate "2011.03.18"]
[EventType "swiss"]
[EventRounds "5"]
[EventCountry "CAN"]
[SourceTitle "EXT 2022"]
[Source "ChessBase"]
[SourceDate "2021.10.06"]
[SourceVersion "1"]
[SourceVersionDate "2021.10.06"]
[SourceQuality "1"]

1. e4 c6 2. Nc3 d5 3. Qf3 dxe4 4. Nxe4 Nf6 5. d3 Nbd7 6. Ne2 e5 7. N2g3 Nxe4 8. dxe4 Nf6 9. Bg5 Qa5+ 10. Bd2 Qb6 11. Qc3 Bc5 12. Qxe5+ Be6 13. Nf5 Bxf2+ 14. Kd1 0-0 15. Nxg7 Bd4 16. Qf4 Kxg7 17. e5 Ng4 18. h3 Be3 19. Qf3 Bxd2 20. hxg4 Qe3 21. Qf6+ Kg8 22. Bd3 Bxg4+ 23. Qf3 Bxf3+ 24. gxf3 h6 0-1

[Event "Trois-Rivieres Mauricie op"]
[Site "Trois Rivieres"]
[Date "2011.03.19"]
[Round "3"]
[White "Allard, Laurent"]
[Black "Ramaswamy, Kishor"]
[Result "1/2-1/2"]
[WhiteElo "1865"]
[BlackElo "2215"]
[PlyCount "82"]
[EventDate "2011.03.18"]
[EventType "swiss"]
[EventRounds "5"]
[EventCountry "CAN"]
[SourceTitle "EXT 2022"]
[Source "ChessBase"]
[SourceDate "2021.10.06"]
[SourceVersion "1"]
[SourceVersionDate "2021.10.06"]
[SourceQuality "1"]

1. e4 c6 2. d4 d5 3. Nc3 dxe4 4. Nxe4 Nf6 5. Ng3 h5 6. h4 Bg4 7. f3 Bd7 8. Be3 Qb6 9. Qc1 e6 10. c3 c5 11. Bd3 Nc6 12. N1e2 Nd5 13. dxc5 Bxc5 14. Bxc5 Qxc5 15. Ne4 Qe7 16. Qd2 Ne5 17. 0-0-0 Nxd3+ 18. Qxd3 0-0-0 19. c4 Nf6 20. Qd6 Rhe8 21. Qxe7 Rxe7 22. Nxf6 gxf6 23. Nf4 Rh8 24. Rd2 Bc6 25. Re1 Rd7 26. Red1 Rxd2 27. Rxd2 Kc7 28. Kc2 e5 29. Nd5+ Bxd5 30. Rxd5 Rg8 31. Rd2 f5 32. Kd3 Rd8+ 33. Ke2 Rxd2+ 34. Kxd2 a5 35. Kd3 Kd6 36. b3 f4 37. Ke4 Ke6 38. a3 f5+ 39. Kd3 Kd6 40. b4 axb4 41. axb4 b6 1/2-1/2

[Event "Montreal Pere Noel op"]
[Site "Montreal"]
[Date "2010.12.29"]
[Round "4"]
[White "Ramaswamy, Kishor"]
[Black "Khassanov, Marat"]
[Result "1-0"]
[WhiteElo "2179"]
[BlackElo "2282"]
[PlyCount "129"]
[EventDate "2010.12.26"]
[EventType "swiss"]
[EventRounds "5"]
[EventCountry "CAN"]
[SourceTitle "EXT 2013"]
[Source "ChessBase"]
[SourceDate "2012.11.22"]
[SourceVersion "1"]
[SourceVersionDate "2012.11.22"]
[SourceQuality "1"]

1. d4 d5 2. Nf3 Nf6 3. Bf4 g6 4. e3 Bg7 5. Be2 0-0 6. 0-0 Nh5 7. Bg3 Nxg3 8. hxg3 Nd7 9. Nbd2 e5 10. Rb1 c5 11. dxe5 Nxe5 12. b4 cxb4 13. Nxe5 Bxe5 14. Rxb4 Qa5 15. Rb5 Qxa2 16. c4 Rd8 17. cxd5 b6 18. Bc4 Qa3 19. Rb3 Qf8 20. Nf3 Bg7 21. e4 Bg4 22. Qb1 Rac8 23. Bb5 Rc5 24. Rc1 Bh6 25. Rxc5 Qxc5 26. Qd3 Bg7 27. Bc6 f5 28. Kh2 fxe4 29. Qxe4 Bf5 30. Qe2 Qc2 31. Qe3 Qe4 32. Qg5 Rf8 33. Re3 Qb4 34. Qe7 Qxe7 35. Rxe7 Rf7 36. d6 Bf6 37. Bd5 Bxe7 38. dxe7 Bd7 39. Ng5 Kg7 40. Bxf7 Kf6 41. e8Q Bxe8 42. Bxe8 Kxg5 43. Kg1 Kf5 44. Kf1 Ke4 45. Ke2 a6 46. Kd2 Kd4 47. Kc2 g5 48. Kb3 Kd3 49. Kb4 g4 50. Bc6 Ke2 51. f4 gxf3 52. gxf3 Ke3 53. f4 Kd4 54. Bb7 a5+ 55. Kb5 h6 56. Bf3 Ke3 57. Bc6 Kd4 58. Bg2 a4 59. Kxa4 Kc5 60. Bf1 Kd5 61. Kb5 Ke4 62. Kxb6 h5 63. Bg2+ Kf5 64. Bh3+ Ke4 65. f5 1-0

[Event "Montreal Pere Noel op"]
[Site "Montreal"]
[Date "2010.12.27"]
[Round "2"]
[White "Ramaswamy, Kishor"]
[Black "Luo, Zhao Yang"]
[Result "1/2-1/2"]
[WhiteElo "2179"]
[BlackElo "1924"]
[PlyCount "53"]
[EventDate "2010.12.26"]
[EventType "swiss"]
[EventRounds "5"]
[EventCountry "CAN"]
[SourceTitle "EXT 2013"]
[Source "ChessBase"]
[SourceDate "2012.11.22"]
[SourceVersion "1"]
[SourceVersionDate "2012.11.22"]
[SourceQuality "1"]

1. d4 Nf6 2. Nf3 g6 3. Bg5 Bg7 4. Nbd2 d6 5. c3 0-0 6. e4 c5 7. dxc5 dxc5 8. Be2 Nc6 9. 0-0 h6 10. Be3 b6 11. h3 Qc7 12. Qc2 Rd8 13. Rfd1 Bb7 14. a4 g5 15. Bf1 g4 16. hxg4 Nxg4 17. Nc4 Ba6 18. Rxd8+ Rxd8 19. Re1 Bxc4 20. Bxc4 Nce5 21. Nxe5 Qxe5 22. g3 Qh5 23. f4 Qh3 24. Qg2 Qxg2+ 25. Kxg2 Nxe3+ 26. Rxe3 Rd2+ 27. Re2 1/2-1/2

[Event "Montreal Mercredi 10"]
[Site "Montreal"]
[Date "2010.10.20"]
[Round "3"]
[White "Ramaswamy, Kishor"]
[Black "Chiku Ratte, Olivier Kenta"]
[Result "1-0"]
[WhiteElo "2176"]
[BlackElo "2031"]
[PlyCount "75"]
[EventDate "2010.10.06"]
[EventType "tourn"]
[EventRounds "5"]
[EventCountry "CAN"]
[SourceTitle "EXT 2013"]
[Source "ChessBase"]
[SourceDate "2012.11.22"]
[SourceVersion "1"]
[SourceVersionDate "2012.11.22"]
[SourceQuality "1"]

1. d4 Nf6 2. Nf3 c5 3. c3 b6 4. Bg5 Ne4 5. Bh4 g6 6. Nbd2 Nxd2 7. Qxd2 Bb7 8. d5 d6 9. e4 Bg7 10. Bc4 0-0 11. 0-0 Na6 12. a4 Nc7 13. Bg5 Re8 14. Bh6 Bh8 15. Qf4 Qd7 16. Rfd1 f6 17. h4 Bg7 18. b4 Bxh6 19. Qxh6 Qg4 20. Qe3 Kg7 21. Be2 Qd7 22. a5 Ba6 23. Bxa6 Nxa6 24. Qd3 b5 25. Rab1 Rab8 26. Rd2 Rec8 27. Rc2 cxb4 28. cxb4 Rxc2 29. Qxc2 Rc8 30. Qd2 Rc4 31. Nd4 Nc7 32. Rc1 Rxc1+ 33. Qxc1 a6 34. Qxc7 Qg4 35. Qxe7+ Kh6 36. Qxf6 Qxe4 37. Qf8+ Kh5 38. Qf3+ 1-0

[Event "Montreal Mercredi 10"]
[Site "Montreal"]
[Date "2010.10.13"]
[Round "2"]
[White "Arsenault, Nicolas"]
[Black "Ramaswamy, Kishor"]
[Result "1-0"]
[WhiteElo "2225"]
[BlackElo "2176"]
[PlyCount "101"]
[EventDate "2010.10.06"]
[EventType "tourn"]
[EventRounds "5"]
[EventCountry "CAN"]
[SourceTitle "EXT 2013"]
[Source "ChessBase"]
[SourceDate "2012.11.22"]
[SourceVersion "1"]
[SourceVersionDate "2012.11.22"]
[SourceQuality "1"]

1. c4 c6 2. g3 d5 3. Bg2 Nf6 4. Nf3 Bg4 5. Ne5 Bh5 6. cxd5 cxd5 7. Qa4+ Nbd7 8. Nc3 e6 9. g4 Bg6 10. h4 a6 11. Nxd7 Qxd7 12. Qxd7+ Nxd7 13. h5 Bc2 14. d3 d4 15. Kd2 dxc3+ 16. Kxc2 cxb2 17. Bxb2 Rc8+ 18. Kd1 f6 19. Rc1 Rxc1+ 20. Kxc1 b6 21. Kb1 Bd6 22. d4 Ke7 23. Rc1 Nb8 24. Be4 h6 25. a4 Rd8 26. Ka2 Rd7 27. Kb3 Rc7 28. Rxc7+ Bxc7 29. Bd3 Kd7 30. Bc4 Bd6 31. Bc3 Be7 32. Kc2 Bd6 33. Kd3 Ba3 34. Ke4 Kd6 35. Bd2 Ke7 36. Bc3 Kd6 37. f4 a5 38. f5 exf5+ 39. Kxf5 Bb4 40. Bb2 Ke7 41. Kg6 Kf8 42. Bb5 Bd6 43. e4 Be7 44. Bc1 Bd6 45. Be3 Kg8 46. Bc1 Kf8 47. Bb2 Bb4 48. e5 fxe5 49. dxe5 Bc5 50. e6 Bd6 51. Bxg7+ 1-0

[Event "Quebec-ch opB"]
[Site "Montreal"]
[Date "2010.07.31"]
[Round "9"]
[White "Ramaswamy, Kishor"]
[Black "Plante, Michel"]
[Result "1-0"]
[WhiteElo "2178"]
[BlackElo "2108"]
[PlyCount "61"]
[EventDate "2010.07.24"]
[EventType "swiss"]
[EventRounds "9"]
[EventCountry "CAN"]
[SourceTitle "EXT 2013"]
[Source "ChessBase"]
[SourceDate "2012.11.22"]
[SourceVersion "1"]
[SourceVersionDate "2012.11.22"]
[SourceQuality "1"]

1. d4 d6 2. Nf3 g6 3. Bg5 Bg7 4. c3 Nd7 5. Nbd2 h6 6. Bh4 Ngf6 7. e4 e5 8. dxe5 dxe5 9. Qc2 g5 10. Bg3 Nh5 11. Nc4 Qe7 12. Ne3 Nb6 13. a4 a5 14. Nd2 Be6 15. Ndc4 Nxc4 16. Bxc4 0-0-0 17. Qb3 Nf4 18. 0-0 Rd6 19. Qb5 Ra6 20. Rfd1 Bd7 21. Qxd7+ Qxd7 22. Rxd7 Kxd7 23. Bxa6 bxa6 24. Rd1+ Kc6 25. Nc4 Rb8 26. Nxa5+ Kb6 27. b4 c5 28. Rd6+ Kc7 29. Rc6+ Kd7 30. Rxc5 f6 31. Bxf4 1-0

[Event "Quebec-ch opB"]
[Site "Montreal"]
[Date "2010.07.29"]
[Round "7"]
[White "Ramaswamy, Kishor"]
[Black "Gagnon, Serge"]
[Result "1/2-1/2"]
[WhiteElo "2178"]
[BlackElo "2072"]
[PlyCount "115"]
[EventDate "2010.07.24"]
[EventType "swiss"]
[EventRounds "9"]
[EventCountry "CAN"]
[SourceTitle "EXT 2013"]
[Source "ChessBase"]
[SourceDate "2012.11.22"]
[SourceVersion "1"]
[SourceVersionDate "2012.11.22"]
[SourceQuality "1"]

1. d4 d6 2. Nf3 Nc6 3. Bf4 g6 4. c3 Bh6 5. Qc1 Bxf4 6. Qxf4 e6 7. e4 Qf6 8. Qxf6 Nxf6 9. e5 Nd7 10. Bb5 a6 11. Bxc6 bxc6 12. Nbd2 Rb8 13. b4 c5 14. bxc5 dxc5 15. 0-0 Bb7 16. Rfb1 Ke7 17. Ne1 cxd4 18. cxd4 c5 19. dxc5 Nxe5 20. f4 Nd7 21. Nd3 Bd5 22. Rc1 Rhc8 23. a4 Rb7 24. Ra3 f6 25. Rac3 Nb8 26. Nc4 Bxc4 27. Rxc4 Nc6 28. Re1 Rd8 29. Rce4 Rxd3 30. Rxe6+ Kd7 31. Rxf6 Rc7 32. Ree6 Rd5 33. Rd6+ Rxd6 34. cxd6 Rc8 35. g4 Nd8 36. f5 gxf5 37. gxf5 Rc5 38. Kf2 Rd5 39. Rh6 Rxf5+ 40. Ke3 Rf7 41. Kd4 Nb7 42. Kd5 Rg7 43. h4 Rf7 44. h5 Rg7 45. Ke5 Rf7 46. Kd5 a5 47. Kc4 Nd8 48. Kd5 Rg7 49. Ke5 Nf7+ 50. Kf6 Nxh6 51. Kxg7 Ng4 52. Kxh7 Nf6+ 53. Kg6 Nxh5 54. Kxh5 Kxd6 55. Kg4 Kc5 56. Kf3 Kb4 57. Ke2 Kxa4 58. Kd2 1/2-1/2

[Event "Quebec-ch opB"]
[Site "Montreal"]
[Date "2010.07.26"]
[Round "4"]
[White "Charbonneau, Anne Marie"]
[Black "Ramaswamy, Kishor"]
[Result "0-1"]
[WhiteElo "1978"]
[BlackElo "2178"]
[PlyCount "150"]
[EventDate "2010.07.24"]
[EventType "swiss"]
[EventRounds "9"]
[EventCountry "CAN"]
[SourceTitle "EXT 2013"]
[Source "ChessBase"]
[SourceDate "2012.11.22"]
[SourceVersion "1"]
[SourceVersionDate "2012.11.22"]
[SourceQuality "1"]

1. d4 d5 2. c4 c6 3. Nf3 Nf6 4. e3 a6 5. c5 Nbd7 6. Nc3 Qc7 7. Be2 e5 8. 0-0 Be7 9. a3 0-0 10. b4 Re8 11. Bb2 e4 12. Nd2 Nf8 13. f3 exf3 14. Bxf3 Be6 15. e4 dxe4 16. Ndxe4 Nd5 17. Nxd5 Bxd5 18. Nd2 Rad8 19. Bh5 Bf6 20. Nf3 Ne6 21. Ne5 Nxd4 22. Rxf6 gxf6 23. Ng4 Ne2+ 24. Qxe2 Rxe2 25. Nxf6+ Kf8 26. Bxe2 h6 27. Nh7+ Ke8 28. Nf6+ Ke7 29. Re1 Be6 30. Ne4 Kf8 31. Nd6 Qe7 32. Rf1 Rxd6 33. cxd6 Qxd6 34. Rd1 Qf4 35. Bd4 Bd5 36. Bc5+ Ke8 37. Rd3 Qc1+ 38. Kf2 Qf4+ 39. Kg1 Bc4 40. Re3+ Kd8 41. Bxc4 Qxc4 42. Kf2 Qb5 43. Re5 Qc4 44. Re3 Qh4+ 45. Kg1 f5 46. g3 Qc4 47. Kg2 Qc2+ 48. Kg1 Qd2 49. Rf3 Qd1+ 50. Kg2 Qe2+ 51. Rf2 Qe4+ 52. Kg1 Ke8 53. Rf4 Qd3 54. Rh4 Kf7 55. Rd4 Qb1+ 56. Kg2 Ke6 57. Rd6+ Ke5 58. Rd7 Qc2+ 59. Kg1 Ke4 60. Rd4+ Ke5 61. Rd7 Qc1+ 62. Kg2 Qb2+ 63. Kg1 Ke4 64. Re7+ Kf3 65. Re3+ Kg4 66. h4 f4 67. gxf4 Kxf4 68. Kf1 Qc1+ 69. Ke2 Qc2+ 70. Ke1 Qxc5 71. bxc5 Kxe3 72. Kd1 Kd4 73. Ke2 Kxc5 74. Kf3 b5 75. Kf4 a5 0-1

[Event "Quebec-ch opB"]
[Site "Montreal"]
[Date "2010.07.24"]
[Round "1"]
[White "Ramaswamy, Kishor"]
[Black "Frappier, Clement"]
[Result "1-0"]
[WhiteElo "2178"]
[BlackElo "1972"]
[PlyCount "53"]
[EventDate "2010.07.24"]
[EventType "swiss"]
[EventRounds "9"]
[EventCountry "CAN"]
[SourceTitle "EXT 2013"]
[Source "ChessBase"]
[SourceDate "2012.11.22"]
[SourceVersion "1"]
[SourceVersionDate "2012.11.22"]
[SourceQuality "1"]

1. d4 d5 2. Nf3 c6 3. Bf4 Nf6 4. e3 Bf5 5. c4 e6 6. Nc3 Bd6 7. Ne5 Qe7 8. c5 Bxe5 9. Bxe5 Qd8 10. b4 0-0 11. Be2 Nbd7 12. g4 Nxe5 13. dxe5 Ne4 14. gxf5 Nxc3 15. Qd3 Nxe2 16. Kxe2 exf5 17. Qxf5 Qh4 18. f4 a5 19. b5 cxb5 20. Rag1 g6 21. Rg4 Qe7 22. h4 Qxc5 23. h5 Ra6 24. hxg6 fxg6 25. Qd7 Rf7 26. Qd8+ Kg7 27. Rxh7+ 1-0

[Event "Trois-Rivieres Mauricie op"]
[Site "Trois Rivieres"]
[Date "2010.03.20"]
[Round "3"]
[White "Ramaswamy, Kishor"]
[Black "Plante, Michel"]
[Result "1-0"]
[WhiteElo "2243"]
[BlackElo "2080"]
[PlyCount "39"]
[EventDate "2010.03.19"]
[EventType "swiss"]
[EventRounds "5"]
[EventCountry "CAN"]
[SourceTitle "EXT 2022"]
[Source "ChessBase"]
[SourceDate "2021.10.06"]
[SourceVersion "1"]
[SourceVersionDate "2021.10.06"]
[SourceQuality "1"]

1. d4 f5 2. Bg5 d6 3. e3 Nd7 4. Bd3 g6 5. Bxf5 Bg7 6. Bd3 Ngf6 7. Nf3 0-0 8. Nbd2 e5 9. dxe5 dxe5 10. Ne4 Qe8 11. Nfd2 Kh8 12. 0-0 h6 13. Bh4 g5 14. Bg3 Nh5 15. Qe2 Nf4 16. exf4 exf4 17. c3 Ne5 18. Bc2 fxg3 19. Nxg3 Bg4 20. Qe4 1-0

[Event "Montreal Pere Noel op"]
[Site "Montreal"]
[Date "2009.12.28"]
[Round "3"]
[White "Sambuev, Bator"]
[Black "Ramaswamy, Kishor"]
[Result "1-0"]
[WhiteElo "2528"]
[BlackElo "2219"]
[PlyCount "55"]
[EventDate "2009.12.26"]
[EventType "swiss"]
[EventRounds "5"]
[EventCountry "CAN"]
[SourceTitle "EXT 2011"]
[Source "ChessBase"]
[SourceDate "2010.11.26"]
[SourceVersion "1"]
[SourceVersionDate "2010.11.26"]
[SourceQuality "1"]

1. e4 c6 2. d4 d5 3. exd5 cxd5 4. c4 Nf6 5. Nc3 e6 6. Nf3 Bb4 7. Bd3 dxc4 8. Bxc4 0-0 9. 0-0 Nbd7 10. Bg5 Bxc3 11. bxc3 Qc7 12. Qb3 b6 13. Bh4 Bb7 14. Bg3 Qc8 15. Rfe1 Ba6 16. Nd2 Bxc4 17. Nxc4 Qc6 18. Rac1 Nh5 19. Ne5 Nxe5 20. Bxe5 f6 21. Bd6 Rfe8 22. Rxe6 Kh8 23. Rce1 Rxe6 24. Qxe6 Rd8 25. Bc7 Qxe6 26. Rxe6 Rc8 27. d5 Kg8 28. d6 1-0

[Event "Montreal Pere Noel op"]
[Site "Montreal"]
[Date "2008.12.30"]
[Round "5"]
[White "Ramaswamy, Kishor"]
[Black "Luksza, Arkadiusz"]
[Result "1-0"]
[WhiteElo "2170"]
[BlackElo "2228"]
[PlyCount "87"]
[EventDate "2008.12.26"]
[EventType "swiss"]
[EventRounds "5"]
[EventCountry "CAN"]
[SourceTitle "EXT 2011"]
[Source "ChessBase"]
[SourceDate "2010.11.26"]
[SourceVersion "1"]
[SourceVersionDate "2010.11.26"]
[SourceQuality "1"]

1. d4 e6 2. Nf3 f5 3. Nc3 Nf6 4. Bg5 Be7 5. Bxf6 Bxf6 6. e4 d5 7. exd5 exd5 8. Qe2+ Be7 9. Qe5 Nc6 10. Qxd5 Qxd5 11. Nxd5 Bd6 12. Bc4 Bd7 13. 0-0 0-0-0 14. Rfe1 Be8 15. c3 Bh5 16. Ne5 Bxe5 17. dxe5 Na5 18. Nf4 Nxc4 19. Nxh5 Nxb2 20. Nxg7 Nd3 21. Nxf5 Rhf8 22. g4 Rde8 23. e6 Nxe1 24. Rxe1 Rf6 25. e7 Rf7 26. Kg2 Kd7 27. Rd1+ Kc8 28. Kg3 b5 29. Rd5 a6 30. h3 Kb7 31. g5 Kb6 32. Kg4 a5 33. a3 c6 34. Rd7 Kc5 35. h4 b4 36. axb4+ axb4 37. cxb4+ Kxb4 38. h5 c5 39. g6 hxg6 40. hxg6 Rf6 41. Kg5 Rb6 42. Rd8 Rb8 43. Rxe8 Rxe8 44. Kf6 1-0

[Event "Quebec-ch"]
[Site "Montreal"]
[Date "2008.12.07"]
[Round "5"]
[White "Prahov, Valentin Asenov"]
[Black "Ramaswamy, Kishor"]
[Result "1-0"]
[WhiteElo "2126"]
[BlackElo "2196"]
[PlyCount "57"]
[EventDate "2008.12.03"]
[EventType "tourn"]
[EventRounds "7"]
[EventCountry "CAN"]
[SourceTitle "EXT 2011"]
[Source "ChessBase"]
[SourceDate "2010.11.26"]
[SourceVersion "1"]
[SourceVersionDate "2010.11.26"]
[SourceQuality "1"]

1. e4 c6 2. d4 d5 3. exd5 cxd5 4. Bd3 Nf6 5. c3 g6 6. Nf3 Bg7 7. Bf4 Nc6 8. 0-0 0-0 9. h3 Bf5 10. Bxf5 gxf5 11. Ne5 e6 12. Nd2 Ne4 13. Nxc6 bxc6 14. f3 Nxd2 15. Qxd2 Kh8 16. Rae1 Qb6 17. b4 a5 18. a3 axb4 19. axb4 Ra3 20. g4 Qa6 21. gxf5 exf5 22. Qc2 Rg8 23. Kh1 Qc4 24. Qxf5 Qxc3 25. Be5 Raa8 26. Rg1 Qxb4 27. Rxg7 Rxg7 28. Rg1 f6 29. Qxf6 1-0

[Event "Quebec-ch"]
[Site "Montreal"]
[Date "2008.12.03"]
[Round "1"]
[White "Kraiouchkine, Nikita"]
[Black "Ramaswamy, Kishor"]
[Result "1/2-1/2"]
[WhiteElo "2285"]
[BlackElo "2196"]
[PlyCount "130"]
[EventDate "2008.12.03"]
[EventType "tourn"]
[EventRounds "7"]
[EventCountry "CAN"]
[SourceTitle "EXT 2011"]
[Source "ChessBase"]
[SourceDate "2010.11.26"]
[SourceVersion "1"]
[SourceVersionDate "2010.11.26"]
[SourceQuality "1"]

1. e4 c6 2. d4 d5 3. exd5 cxd5 4. c4 Nf6 5. Nc3 e6 6. Nf3 Bb4 7. cxd5 Nxd5 8. Bd2 Nc6 9. Bd3 Be7 10. Qe2 0-0 11. 0-0 Nf6 12. Rfd1 Bd7 13. a3 g6 14. Rac1 Rc8 15. Bg5 Re8 16. Ne4 Nxe4 17. Bxe7 Nxe7 18. Bxe4 Bc6 19. Bb1 Bd5 20. Rc3 Qb6 21. Ne5 Qd6 22. Ng4 Kg7 23. Qd2 Nf5 24. Rh3 Rh8 25. Nh6 Kf6 26. Ng4+ Kg7 27. Bxf5 h5 28. Ne3 exf5 29. Nxd5 Qxd5 30. Rc3 Rxc3 31. Qxc3 Rd8 32. f3 Rd6 33. Kf2 Kf6 34. Rd2 a5 35. Qc8 Kg7 36. Qe8 Re6 37. Qc8 Rd6 38. b4 axb4 39. axb4 b5 40. Qc5 Kf6 41. Qxd5 Rxd5 42. Ke3 h4 43. Rc2 Ke6 44. Rc5 g5 45. h3 Kd6 46. Kd3 Ke6 47. Rc8 f6 48. f4 Rd6 49. Rb8 Ra6 50. Rxb5 Ra2 51. d5+ Kd7 52. Rb7+ Kd6 53. Rb6+ Kxd5 54. Rxf6 Ra3+ 55. Ke2 gxf4 56. b5 Ke5 57. Rh6 Ra2+ 58. Kf3 Ra3+ 59. Kf2 Ra2+ 60. Kg1 f3 61. gxf3 Kf4 62. Rf6 Kxf3 63. Rxf5+ Kg3 64. Rg5+ Kxh3 65. b6 Rg2+ 1/2-1/2

[Event "Quebec-ch qual"]
[Site "Montreal"]
[Date "2008.10.10"]
[Round "1"]
[White "Ramaswamy, Kishor"]
[Black "Barbeau, Sylvain"]
[Result "0-1"]
[WhiteElo "2187"]
[BlackElo "2364"]
[PlyCount "72"]
[EventDate "2008.10.10"]
[EventType "swiss"]
[EventRounds "5"]
[EventCountry "CAN"]
[SourceTitle "EXT 2011"]
[Source "ChessBase"]
[SourceDate "2010.11.26"]
[SourceVersion "1"]
[SourceVersionDate "2010.11.26"]
[SourceQuality "1"]

1. d4 Nf6 2. Nf3 g6 3. Bg5 Bg7 4. Nbd2 d6 5. c3 Nbd7 6. e4 h6 7. Bh4 g5 8. Bg3 Nh5 9. Be2 Nxg3 10. hxg3 c5 11. 0-0 0-0 12. Re1 Nf6 13. dxc5 dxc5 14. Bf1 Qc7 15. Nc4 Ng4 16. Ne3 Nxe3 17. Rxe3 Be6 18. Nd2 Rfd8 19. Qc2 a6 20. a4 Rd7 21. Rd3 Rad8 22. Rd1 Rxd3 23. Bxd3 Bd7 24. Bc4 Bc6 25. Kh2 e6 26. f3 Be5 27. Nf1 Rxd1 28. Qxd1 Kg7 29. Kh3 Qa5 30. Bb3 c4 31. Bxc4 Bxa4 32. Qa1 b5 33. Bb3 Qb6 34. Bxa4 Qg1 35. f4 h5 36. g4 Bxf4 0-1

[Event "Lanaudiere"]
[Site "Repentigny"]
[Date "2008.08.17"]
[Round "5"]
[White "Sauve, Richard"]
[Black "Ramaswamy, Kishor"]
[Result "0-1"]
[WhiteElo "2040"]
[BlackElo "2185"]
[PlyCount "86"]
[EventDate "2008.08.15"]
[EventType "swiss"]
[EventRounds "5"]
[EventCountry "CAN"]
[SourceTitle "EXT 2011"]
[Source "ChessBase"]
[SourceDate "2010.11.26"]
[SourceVersion "1"]
[SourceVersionDate "2010.11.26"]
[SourceQuality "1"]

1. d4 d5 2. c4 e6 3. Nc3 Nf6 4. cxd5 exd5 5. Bg5 Be7 6. e3 c6 7. Bd3 Nbd7 8. Nge2 Nh5 9. Bxe7 Qxe7 10. Qc2 Nb6 11. 0-0 Nf6 12. Rab1 0-0 13. b4 a6 14. a4 Be6 15. b5 axb5 16. axb5 c5 17. dxc5 Qxc5 18. Ne4 Nxe4 19. Bxe4 Qxc2 20. Bxc2 Rfc8 21. Nd4 Nc4 22. Ra1 g6 23. Rfc1 Kf8 24. h4 Ke7 25. Bd3 Rxa1 26. Rxa1 Kd6 27. Kh2 Bd7 28. Kg3 Kc5 29. Rb1 Ra8 30. Kf4 Ra2 31. Be2 h6 32. g4 Kd6 33. g5 hxg5+ 34. hxg5 Nd2 35. Rh1 Nb3 36. Bg4 Nxd4 37. Bxd7 Ne2+ 38. Kf3 Kxd7 39. Rh7 Ke6 40. Rh8 Nc3 41. Rb8 Nxb5 42. Rxb7 Nd6 43. Rb6 Ke5 0-1

[Event "Quebec op U2300"]
[Site "Montreal"]
[Date "2007.07.28"]
[Round "9"]
[White "Arsenault, Nicolas"]
[Black "Ramaswamy, Kishor"]
[Result "1-0"]
[WhiteElo "2121"]
[BlackElo "2129"]
[PlyCount "115"]
[EventDate "2007.07.20"]
[EventType "swiss"]
[EventRounds "9"]
[EventCountry "CAN"]
[SourceTitle "EXT 2022"]
[Source "ChessBase"]
[SourceDate "2021.10.06"]
[SourceVersion "1"]
[SourceVersionDate "2021.10.06"]
[SourceQuality "1"]

1. e4 c6 2. d4 d5 3. e5 c5 4. dxc5 e6 5. Nf3 Bxc5 6. Bd3 Nc6 7. 0-0 f6 8. exf6 Nxf6 9. Qe2 0-0 10. c4 Qd6 11. Be3 Bxe3 12. fxe3 Nb4 13. Nc3 Nxd3 14. Qxd3 Qc5 15. cxd5 exd5 16. Rad1 Re8 17. Nxd5 Nxd5 18. Qxd5+ Qxd5 19. Rxd5 Be6 20. Ra5 b6 21. Ra3 a5 22. Nd4 Bc4 23. Rc1 b5 24. Rac3 Bxa2 25. Nxb5 Rab8 26. Nd6 Red8 27. Rc8 Rbxc8 28. Rxc8 Rxc8 29. Nxc8 Kf8 30. Nd6 Bd5 31. Kf2 Ke7 32. Nb5 Bc6 33. Nd4 Be4 34. Nf3 Kd6 35. Nd2 Bd5 36. e4 Bf7 37. Ke3 Kc5 38. Kd3 a4 39. Kc3 h6 40. Nf3 Be6 41. Ne5 Kb5 42. Nd3 Bf7 43. Kd4 Bc4 44. Nc5 Bf1 45. g3 Kb4 46. Kd5 Bb5 47. e5 Be8 48. h4 g5 49. hxg5 hxg5 50. g4 Bf7+ 51. e6 Bg6 52. Kd6 Be8 53. Ke7 Bc6 54. Nxa4 Kxa4 55. Kf8 Kb3 56. e7 Kxb2 57. e8Q Bxe8 58. Kxe8 1-0

[Event "Quebec-ch U20"]
[Site "Montreal"]
[Date "2007.04.21"]
[Round "2"]
[White "Ramaswamy, Kishor"]
[Black "Lemire Paquin, Alexandre"]
[Result "1-0"]
[WhiteElo "2087"]
[BlackElo "2018"]
[PlyCount "87"]
[EventDate "2007.04.20"]
[EventType "swiss"]
[EventRounds "5"]
[EventCountry "CAN"]
[SourceTitle "EXT 2022"]
[Source "ChessBase"]
[SourceDate "2021.10.06"]
[SourceVersion "1"]
[SourceVersionDate "2021.10.06"]
[SourceQuality "1"]

1. d4 Nf6 2. Nf3 g6 3. Bg5 Bg7 4. Nbd2 0-0 5. c3 d6 6. e4 Nc6 7. Bb5 Bd7 8. 0-0 h6 9. Bh4 Nh5 10. Re1 Ne5 11. Nxe5 Bxb5 12. Nxg6 fxg6 13. Qb3+ Rf7 14. Qxb5 Qc8 15. f3 Nf4 16. Bg3 g5 17. Qb3 e6 18. Nf1 Ng6 19. Ne3 Ne7 20. h3 h5 21. d5 e5 22. c4 b6 23. Qd3 Bh6 24. b4 a5 25. a3 Qd7 26. c5 Rff8 27. Nc4 axb4 28. axb4 bxc5 29. bxc5 Rfb8 30. Rxa8 Rxa8 31. Bf2 Rf8 32. Be3 Ng6 33. c6 Qc8 34. Rb1 Nh4 35. Bf2 Ng6 36. Ne3 Nf4 37. Qb3 Kh7 38. Qb7 Qd8 39. Nf5 g4 40. Bh4 Bg5 41. Bxg5 Qxg5 42. Qxc7+ Kh8 43. h4 Ne2+ 44. Kf2 1-0